Tratado de Derecho Penal
Kaydedildi:
| Yazar: | |
|---|---|
| Materyal Türü: | Kitap |
| Dil: | İspanyolca |
| Baskı/Yayın Bilgisi: |
Madrid
Revista de Derecho Privado
1957
|
| Edisyon: | 3a. ed |
| Seri Bilgileri: | Grandes Tratados Generales de Derecho Privado y Público, 13
|
| Konular: | |
| Etiketler: |
Etiketle
Etiket eklenmemiş, İlk siz ekleyin!
|
MARC
| LEADER | 00000cam a2200000 a 4500 | ||
|---|---|---|---|
| 001 | UCC5769 | ||
| 003 | CL-VaPUC | ||
| 008 | 181026e19570000sp |||||||||||||||||spa|d | ||
| 082 | 0 | 4 | |a 345.43 |b MEZ |2 21 |
| 100 | |a Mezger, Edmundo |e autor |9 600126 | ||
| 245 | 1 | 0 | |a Tratado de Derecho Penal |
| 250 | |a 3a. ed | ||
| 300 | |a t | ||
| 942 | |c BK | ||
| 945 | |d 20181026 16:22:00 |a dcastane | ||
| 260 | |a Madrid |b Revista de Derecho Privado |c 1957 | ||
| 650 | 7 | |a DERECHO PENAL |2 CL-VaPUC |9 11 | |
| 650 | 0 | |a Teoría del derecho |9 255982 | |
| 650 | 0 | |a Historia del derecho |9 255109 | |
| 650 | 0 | |a Fuentes del derecho |9 255162 | |
| 650 | 0 | |a Ley penal |9 256611 | |
| 583 | |a last modification |c 20181026 16:22:00 |k Rodrigo Vera | ||
| 490 | 0 | |a Grandes Tratados Generales de Derecho Privado y Público, 13 | |
| 999 | |c 372883 |d 372881 | ||
| 952 | |0 0 |1 0 |3 erd |4 0 |6 345_430000000000000_MEZ_1957 |7 0 |8 A |9 490757 |a BIBDER |b BIBDER |e Mateluna Arestizabal, Alfredo Sergio |h t.2 |i 5491894 |o 345.43 MEZ 1957 |p 5491894 |r 2023-01-25 |w 2019-11-24 |y BK |z Catalogado en:20181026 |k DER | ||